00466nam a2200181Ia 4500003000400000005001700004008004100021020002200062040000700084041000800091082002400099100001700123245004600140260004800186300001600234365001300250650002100263OSt20230503141654.0210423s2020 xx 000 0 und d a978-1-108-74473-7 cAL aeng a331.0954 223bBREC aBREMAN (Jan) aCapitalism inequality and labour in India aNew DelhibCambridge University Pressc2020 axvi,286bPB b595cINR aLabour Economics